000 00691nam a22001817a 4500
005 20241127111540.0
010 _aHIN-128825
020 _a9789383233809
_c200.00
035 _aHN-101171
037 _bDBAD
082 _a158.1
100 _aरश्मि
_974088
245 _a...और आगे बढ़ते रहो /
_cरश्मि
260 _aनई दिल्ली
_bकिताबघर प्रकाशन
_c2022
270 _a4855-56/24, अंसारी रोड , दरियागंज,
_bनई दिल्ली
_e110002
300 _a127पृ.
_c22सेमी(सजिल्द)
942 _2ddc
_cHN
_h158.1
_mरश्मिऔ
999 _c207033
_d207033